<?xml version="1.0" encoding="UTF-8"?><?xml-stylesheet type="text/xsl" href="static/style.xsl"?><OAI-PMH xmlns="http://www.openarchives.org/OAI/2.0/" xmlns:xsi="http://www.w3.org/2001/XMLSchema-instance" xsi:schemaLocation="http://www.openarchives.org/OAI/2.0/ http://www.openarchives.org/OAI/2.0/OAI-PMH.xsd"><responseDate>2026-04-13T13:29:08Z</responseDate><request verb="GetRecord" identifier="oai:www.recercat.cat:10256/28495" metadataPrefix="marc">https://recercat.cat/oai/request</request><GetRecord><record><header><identifier>oai:recercat.cat:10256/28495</identifier><datestamp>2026-03-21T23:28:00Z</datestamp><setSpec>com_2072_452966</setSpec><setSpec>com_2072_2054</setSpec><setSpec>col_2072_452968</setSpec></header><metadata><record xmlns="http://www.loc.gov/MARC21/slim" xmlns:dcterms="http://purl.org/dc/terms/" xmlns:xsi="http://www.w3.org/2001/XMLSchema-instance" xmlns:doc="http://www.lyncode.com/xoai" xsi:schemaLocation="http://www.loc.gov/MARC21/slim http://www.loc.gov/standards/marcxml/schema/MARC21slim.xsd">
   <leader>00925njm 22002777a 4500</leader>
   <datafield ind2=" " ind1=" " tag="042">
      <subfield code="a">dc</subfield>
   </datafield>
   <datafield ind2=" " ind1=" " tag="720">
      <subfield code="a">Costa Rodríguez, Anna</subfield>
      <subfield code="e">author</subfield>
   </datafield>
   <datafield ind2=" " ind1=" " tag="260">
      <subfield code="c">2024-06-01</subfield>
   </datafield>
   <datafield ind2=" " ind1=" " tag="520">
      <subfield code="a">El treball pretén explorar la validesa de les llegendes com una eina d’investigació per a la història urbana. L’àrea d’estudi se centra dins el Barri Vell de Girona, on s’emmarquen les llegendes que evoquen el passat de la ciutat i que tenen com a protagonistes els seus carrers, cases i famílies. A partir del desenvolupament d’un extens llistat de llegendes, se seleccionen les més rellevants per la investigació i en resulten 5 casos d’estudi. De cadascun, s’analitzen 3 aspectes claus (un físic, &#xd;
un arquitectònic o urbà i un imaginari) per intentar determinar quina és l’aportació de les llegendes a la història i la morfologia urbana de la ciutat. Els resultats permetran respondre a la qüestió inicial valorant si les llegendes poden o no ser una eina útil per a l’estudi d’aquesta disciplina</subfield>
   </datafield>
   <datafield ind2=" " ind1=" " tag="520">
      <subfield code="a">The study aims to explore the validity of legends as a research tool for urban history. The area of study focuses within the Old Town of Girona, where the legends evoke the city’s past and feature its streets, houses and families. By developing an extensive list, the most relevant legends for the study are selected, resulting in 5 study cases. For each one, 3 key aspects are analyzed (one physical, one architectural or urban and one imaginary) in order to determine which is the contribution of legends to history and urban structure of the city. The results will allow to answer the initial point evaluating whether legends can or can’t be considered a useful tool when studying this discipline</subfield>
   </datafield>
   <datafield ind1="8" ind2=" " tag="024">
      <subfield code="a">https://hdl.handle.net/10256/28495</subfield>
   </datafield>
   <datafield tag="653" ind2=" " ind1=" ">
      <subfield code="a">Llegendes</subfield>
   </datafield>
   <datafield tag="653" ind2=" " ind1=" ">
      <subfield code="a">Legends</subfield>
   </datafield>
   <datafield tag="653" ind2=" " ind1=" ">
      <subfield code="a">Morfologia urbana</subfield>
   </datafield>
   <datafield tag="653" ind2=" " ind1=" ">
      <subfield code="a">Urban morphology</subfield>
   </datafield>
   <datafield tag="653" ind2=" " ind1=" ">
      <subfield code="a">Patrimoni cultural</subfield>
   </datafield>
   <datafield tag="653" ind2=" " ind1=" ">
      <subfield code="a">Cultural heritage</subfield>
   </datafield>
   <datafield tag="653" ind2=" " ind1=" ">
      <subfield code="a">Barri Vell</subfield>
   </datafield>
   <datafield ind2="0" ind1="0" tag="245">
      <subfield code="a">Girona fantàstica : La ciutat amagada darrere el gènere narratiu</subfield>
   </datafield>
</record></metadata></record></GetRecord></OAI-PMH>